| 000 | 00895nam a2200289 a 4500 | ||
|---|---|---|---|
| 001 | 6532 | ||
| 003 | BD-RjUL | ||
| 005 | 20211208234248.0 | ||
| 008 | 170504s1963 wb 001 0 eng d | ||
| 035 | _a(BD-RjUL)6573 | ||
| 040 |
_aUkOxU _beng _cUkOxU _dBD-RjUL |
||
| 041 | _aeng | ||
| 082 | 0 | 4 |
_223 _a515.2433 _bHEA 1963 |
| 100 | 1 |
_aHewitt, Edwin. _920567 |
|
| 245 | 1 | 0 |
_aAbstract harmonic analysis / _cby Edwin Hewitt and Kenneth A. Ross |
| 260 |
_aBerlin : _bSpringer-Verlag, _cc1963. |
||
| 300 |
_av. ; _c24 cm |
||
| 490 | 1 |
_aGrundlehren der mathematischen Wissenschaften ; _vbd.115 |
|
| 504 | _aIncludes bibliography & indexes | ||
| 505 | _a Vol. 1 -- | ||
| 650 | 0 |
_aHarmonic analysis _920535 |
|
| 650 | 0 |
_aMathematics _9157250 |
|
| 700 | 1 |
_aRoss, Kenneth A. _920570 |
|
| 830 | 0 |
_vbd.115 _9211627 |
|
| 830 | 0 |
_aGrundlehren der mathematischen Wissenschaften ; _9211628 |
|
| 942 |
_2ddc _cBK |
||
| 999 |
_c6532 _d6532 |
||